عرض عادي
عرض مارك
- المهدي، الصادق
دخول Personal Name
001 - CONTROL NUMBER
- control field: 28300
003 - CONTROL NUMBER IDENTIFIER
- control field: AE-AdECS
005 - DATE AND TIME OF LATEST TRANSACTION
- control field: 20260402152546.0
008 - FIXED-LENGTH DATA ELEMENTS
- fixed length control field: 260402|| aca||aabn | a|a d
040 ## - CATALOGING SOURCE
- Original cataloging agency: AE-AdECS
- Transcribing agency: AE-AdECS
100 ## - HEADING--PERSONAL NAME
- Personal name: المهدي، الصادق
670 ## - SOURCE DATA FOUND
- Source citation: Work cat.: (AE-AdECS)294652: المهدي، الصادق مؤلف., الديمقراطية في السودان راجحة وعائدة /
